| 000 | 00410nam a22001457a 4500 | ||
|---|---|---|---|
| 999 |
_c7884 _d7884 |
||
| 003 | OSt | ||
| 005 | 20200528123859.0 | ||
| 008 | 200528b ||||| |||| 00| 0 eng d | ||
| 020 | _a9789386841575 | ||
| 082 |
_a338 _bSIN |
||
| 100 | _a Singh Premchandra S | ||
| 245 | _aEco-tourism, Environmental Problems and Sustainable Development | ||
| 260 |
_aIndia _bDiscovery Publishing House PVT Ltd. _c2018 |
||
| 942 | _2ddc | ||